Bài tập phép tính vi phân và tích phân

Gồm các bài tập về các phép tính vi phân, tích phân, tập hợp số, không gian Mêtric, không gian Banach

Đã lưu trong:
書目詳細資料
主要作者: Nguyễn Văn Khuê
格式: 圖書
語言:Undetermined
出版: Hà Nội Đại học Sư phạm Hà Nội 2004
主題:
標簽: 添加標簽
沒有標簽, 成為第一個標記此記錄!
Thư viện lưu trữ: Trung tâm Học liệu Trường Đại học Cần Thơ
LEADER 00753nam a2200205Ia 4500
001 CTU_101565
008 210402s9999 xx 000 0 und d
020 |c 22000 
082 |a 515 
082 |b Kh507/T.2 
100 |a Nguyễn Văn Khuê 
245 0 |a Bài tập phép tính vi phân và tích phân 
245 0 |c Nguyễn Văn Khuê 
260 |a Hà Nội 
260 |b Đại học Sư phạm Hà Nội 
260 |c 2004 
520 |a Gồm các bài tập về các phép tính vi phân, tích phân, tập hợp số, không gian Mêtric, không gian Banach 
650 |a calculus, integral,calculus, differential 
904 |i Minh 
980 |a Trung tâm Học liệu Trường Đại học Cần Thơ